01845nam a2200229 a 450000100060000000300090000600800410001504000280005608200160008410000280010024500240012826000370015230000080018950510130019759001120121065000450132265000410136765000270140894200120143599900170144795201510146422572CO-ViMGA141112s2004 ck r 000 u spa d aCO-ViMGAbspacCO-ViMGA04a757.4 S155d1 aSanmiguel, David93209010aDibujo de bodegón aBarcelona : bParramón, c2005 a159 aEl dibujo elemental : el dibujo de los contornos, perspectiva y perspectivas en el dibujo de los bodegones, el encaje de los objetos, encaje de los objetos sencillo y compuestos 8 - 32 - - Luz y sombra en el bodegón : Sombreado como realce del contorno de los objetos, el sombreado de las superficies, los valores, las sombras degradadas del bodegon 46 - 60 - - Formas y calidades y temas en el bodegón : La representacion de la consistencia de las cosas, La representacion del metal, el dibujo de las flores, dibujo de mancha de un tema floral, supeficies, texturas y temas en el bodegón 72 - 98 - - La composición del bodegón : La composición del bodegon, esquemas compositivos, el espacio compositivo : forma y fondo, el contraste simultaneo 100 - 122 - - Paso a paso : Ensayos para un bodegón de formas abstractas, Un bodegon a la aguada de tinta, preparativos para un dibujo de flores, el espacio y la atmósfera en un bodegón a lapiz, pequeño bodegon de jugetes, con cera 124 - 156  aForma de adquisición : Compra - - Precio : 78000 - - Proveedor : Dismet - - Fecha de adquisición : 200814aBODEGONES - DIBUJO - ENSEÑANZAS93209114aBODEGONES - DIBUJO - TECNICAS93209214aDIBUJO TECNICAS928373 2ddccBK c30873d30873 00102ddc40708003aMEVIECARbMEVIECARd2015-12-04hVolumen. 1 | 11/jun/2009l0o757.4 S155d p22572r2015-12-04 00:00:00tEj. 1w2015-12-04yBK